000 01258nam0a2200349 4500
001 RU\NLR\BIBL_A\012431533
005 20210126092738.0
010 _a978-5-17-122451-6
_93000
021 _aRU
_bКН-П-20-053783
_9КН-П-20-4016
035 _a(NLR Aleph) 012431533
035 _a(RuMoRGB)010425964
090 _a11878319
_c11878319
100 _a20210113d2020 e y0rusy50 ca
101 0 _arus
102 _aRU
105 _aa|||zzzz000zy
181 0 _ai
_baxxe
182 0 _an
200 1 _aТочка боли
_eизбавляемся от всех болезней
_fАнатолий Ситель
203 _aТекст
_bвизуальный
_cнепосредственный
210 _aМосква
_cАСТ
_d2020
215 _a220, [2] с.
_cил.
_d21
225 1 _aЧестно о здоровье
333 _a16+
606 1 _aБоль
_xТерапия точечным массажем
_jПопулярные издания
_2nlr_sh1
_2nlr_sh2
_3RU\NLR\AUTH\66148672
686 1 _aР358.45я9
700 1 _aСитель
_bА. Б.
_f1943-
_gАнатолий Болеславович
_3RU\NLR\AUTH\770147764
942 _cBOOK
980 _aNBR
980 _aNB